Foundations of social theory
Saved in:
| Main Author: | |
|---|---|
| Format: | Book |
| Language: | English |
| Published: |
Cambridge :
Belknap Press of Harvard University Press,
1990
|
| Subjects: | |
| Tags: |
Add Tag
No Tags, Be the first to tag this record!
|
MARC
| LEADER | 00000nam a2200000 i 4500 | ||
|---|---|---|---|
| 001 | 1/72051 | ||
| 008 | 050223s1990 eng d | ||
| 020 | |a 0-674-31226-0 | ||
| 035 | |l 10076709 | ||
| 040 | |a GR-MY-UA |b gre |e aacr | ||
| 041 | 0 | |a eng | |
| 082 | 0 | |a 301.01 |2 (21) | |
| 100 | 1 | |a Coleman, James Samuel |d 1926- | |
| 245 | 1 | 0 | |a Foundations of social theory / |c James S. Coleman |
| 260 | |a Cambridge : |b Belknap Press of Harvard University Press, |c 1990 | ||
| 300 | |a xvi, 993 σ.; |c 24 εκ. | ||
| 504 | |a Περιέχει βιβλιογραφικές παραπομπές και ευρετήριο ονομάτων | ||
| 650 | 0 | 0 | |a Sociology |x Methodology. |
| 852 | |a INST |b LESVOS |e 20050223 |h 301.01 COL |p 005100030218 |q 005100030218 |t BK |y 0 | ||
| 901 | |a BIBL1-2005-1 | ||
| 909 | |a Λ |b 115013 | ||
| 920 | |a ΔΙΕΥΡΥΝΣΗ |b ΕΠΕΑΕΚ/ΤΚ |y ΛΕΣΒΟΣ |z 2004-10 | ||
| 970 | |a ΜΑΡΙΝΑΤΟΥ |b ΜΥΡΣΙΝΗ |z 2005/02/23 | ||